| 000 | 01061nam a2200265Ia 4500 | ||
|---|---|---|---|
| 003 | OSt | ||
| 005 | 20221005111842.0 | ||
| 006 | a|||||r|||| 00| 0 | ||
| 007 | ta | ||
| 008 | 221004b |||||||| |||| 00| 0 san d | ||
| 020 |
_a9789381721896 (hbk) _cINR 600.00 |
||
| 024 | _a35151 | ||
| 037 |
_b131, 14/09/2017, Eastern Book Linkers _cTextual |
||
| 040 |
_aCRL _cCRL _bsan |
||
| 041 |
_2san _asan |
||
| 082 | _aP15:3, 152Q6 | ||
| 100 |
_aझा, काशीनाथ, ले. _9160834 |
||
| 245 | 0 | _aभानुदत्त कृत अलšारतिलक की समीक्षा | |
| 246 | _aBhānudatta kṛut alašāratilak kī samīkṣhā | ||
| 260 |
_aवाराणसी _bकला एवं धर्म शोध संस्थान भारत _c2016 |
||
| 300 |
_a215पृ0 _ccm. |
||
| 650 |
_aसंस्कृत भाषा-व्याकरण _9159257 |
||
| 942 |
_hP15:3, 152Q6 _cTEXL _2cc |
||
| 999 |
_c1023094 _d1023094 |
||